Statistics for Lois and Clark (The New Adventures of Superman) Quotes Part III

Click here to take the quiz!

General Stats

  • This quiz has been taken 7 times
  • The average score is 6 of 10

Answer Stats

Answer% Correct
[We Have a Lot to Talk About]:"It's the new _________ isn't it? They just don't work as well as the old ones did."glasses
83%
[Tempus Fugitive] :"Lois, Superman is what I can do, Clark is _________." (3 words)who I am
83%
[Church of Metropolis]: "You know, if anybody's _________ around here, it's you."blind
67%
[And the Answer Is]: "Yes, I could ________............but Clark's parent will ________unless we help them."die
67%
[Pilot]:"Don't fall for me _______, I don't have time for it."farm boy
67%
[Seconds]: "I never pictured myself as a _________.............but what the hell, my life can't be any crazier than it already is."blonde
50%
[The Rival]: "Clark, you are my partner, and what you do reflects on me and I don't want the whole world to know that my partner is a __________ for women."doormat
50%
[I'm Looking Through You]: "You know, I never thought I would say this Clark, but you and I have something in common. Superman,,,,,,,,,,you want to ________like him, and I want to _________with him."fly
50%
[Ghosts]: "Listen _________, don't get up from that table again until you've finished every last bite of your breakfast."four eyes
50%
[Top Copy]: "I only have one thing to say to you honey! _______________off Superman (3 words)keep your lips
33%

Score Distribution

Percentile by Number Answered

Percent of People with Each Score

Your Score History

You have not taken this quiz